| 000 | 00822nam a22002297a 4500 | ||
|---|---|---|---|
| 003 | BD-DhUL | ||
| 005 | 20211107134025.0 | ||
| 008 | 210908s2021 bg a|||| |||| 00| 0 ben | ||
| 020 | _a9789840426379 (hbk) | ||
| 040 |
_aBD-DhUL _cBD-DhUL |
||
| 082 |
_a891.44 _bMAB |
||
| 100 | 1 | _aমজিদ, পিয়াস | |
| 245 | 0 | 0 |
_aবঙ্গবন্ধু-মুক্তিযুদ্ধ / _cপিয়াস মজিদ । |
| 260 |
_aঢাকা : _bআগামী, _c২০২১ । |
||
| 300 |
_a১১১ পৃ. : _bচিত্র ; _c২২ সেমি. |
||
| 365 |
_aBDT _b250.00 |
||
| 650 | 4 | _aবাংলা সাহিত্য । | |
| 650 | 4 | _aBengali literature. | |
| 651 | 4 |
_aবাংলাদেশ _xইতিহাস । |
|
| 651 | 4 |
_aBangladesh _xHistory. |
|
| 942 |
_2ddc _cBK |
||
| 999 |
_c254401 _d254401 |
||